| 000 | 00378nam a2200145Ia 4500 | ||
|---|---|---|---|
| 005 | 20250509024034.0 | ||
| 008 | 240331s9999 xx 000 0 und d | ||
| 082 |
_a158 _bDES |
||
| 100 | _aDe Seram , U | ||
| 245 | 0 |
_aSamanalaviya : _bsoduru yawwanayata manpeth |
|
| 260 |
_aDamkotuwa _bMalpiyali Publication _c1999 |
||
| 300 | _a56 p ., | ||
| 500 | _aStory of Teenagers | ||
| 942 | _cL | ||
| 999 |
_c757 _d757 |
||